Pays les plus efficaces en énergie éolienne - Statistiques

Statistiques générales
  • Ce quiz a été pris 35 fois
  • Le résultat moyen est 9 sur 12
Statistiques - réponses
Index Score Pays % Correct
8.25 Allemagne
100%
9.21 États-Unis
94%
9.21 Chine
91%
7.86 Suède
88%
8.33 Canada
84%
7.93 Danemark
84%
8.17 Norvège
84%
8.01 Pays-Bas
84%
9.44 Royaume-Uni
81%
7.85 Irlande
59%
7.78 Argentine
25%
8.33 Chili
19%
Aucun quiz correspondant
Distribution des résultats
% des personnes avec chaque résultat
Percentile par nombre de réponses
Votre historique - résultats
Vous n’avez pas pris ce quiz